000 00416nam a2200157Ia 4500
008 230711s9999||||xx |||||||||||||| ||und||
020 _a81-85860-77-7
041 _aENG
082 _a332.7
_bGH-G
100 _aGhosh, S.K.
245 2 _aA Glimpse on Terminology of Agricultural Entomology
260 _c2001
_aLucknow
_bInternational Book Distributing Co.
300 _a406p.
650 _aAgriculture
942 _cBK
999 _c7563
_d7563